| 000 | 00419nam a2200157Ia 4500 | ||
|---|---|---|---|
| 008 | 220214s9999 xx 000 0 und d | ||
| 100 | _aYamaguchi Hidemasa | ||
| 245 | 0 | _aAsymmetric hydroboration of diene polymers | |
| 260 |
_bPolymer Journal _c1972 |
||
| 300 | _a20-Dec | ||
| 650 | _aAsymmetric hydrocarbon | ||
| 650 | _aOptical rotary dispersion | ||
| 700 | _aAzuma Koji | ||
| 700 | _aMinoura Yuji | ||
| 942 | _cRE | ||
| 999 |
_c45509 _d45509 |
||